Toutes les gares ferroviaires de Paris - Statistiques

Statistiques générales
  • Ce quiz a été pris 17 fois
  • Le résultat moyen est 18 sur 35
Statistiques - réponses
Fréquentation annuelle Nom de la gare % Correct
257 024 152 Paris Gare du Nord
87%
23 798 578 Paris Austerlitz
80%
/ Auber
73%
113 224 230 Paris Gare de Lyon
73%
68 925 312 Paris Montparnasse
73%
114 093 491 Paris Saint Lazare
73%
/ Charles-de-Gaulle - Étoile
67%
/ Châtelet - Les Halles
67%
/ Nation
67%
42 725 621 Paris Est
67%
26 975 545 Bibliothèque François-Mitterrand
60%
38 771 197 Magenta
60%
1 718 808 Avenue du Président-Kennedy
53%
3 034 357 Boulainvilliers
53%
/ Denfert-Rochereau
53%
38 268 052 Haussmann - Saint-Lazare
53%
3 476 498 Javel
53%
4 548 277 Neuilly - Porte Maillot
53%
3 647 167 Porte de Clichy
53%
/ Port-Royal
53%
14 064 366 Rosa Parks
53%
1 192 103 Avenue Foch
47%
784 358 Avenue Henri-Martin
47%
/ Luxembourg
47%
4 594 047 Musée d'Orsay
47%
26 713 257 Saint-Michel - Notre-Dame
47%
7 703 531 Champ-de-Mars - Tour Eiffel
40%
/ Cité universitaire
40%
10 764 177 Invalides
40%
4 364 923 Pereire - Levallois
40%
4 003 550 Pont de l'Alma
40%
7 855 961 Pont-Cardinet
33%
2 581 658 Pont du Garigliano - Hôpital européen Georges-Pompidou
20%
5 504 359 Paris Bercy Bourgogne - Pays d'Auvergne
13%
/ Neuilly - Porte Maillot RER E
0%
Aucun quiz correspondant
Distribution des résultats
% des personnes avec chaque résultat
Percentile par nombre de réponses
Votre historique - résultats
Vous n’avez pas pris ce quiz